00693cam a2200193 a 450000100100000000500170001000800410002704000290006808200150009710000310011224500750014326001180021830000170033650000450035350500280039858600340042665000110046065000280047100001915620200929165933.0771014s1954 sp 001 0 spa d aDO-SdBNPbspacLCdBNPHU ann*bP438t1 aPereña Vicente, Luciano.10aTeoría de la guerra en Francisco Suarez /cLuciano Pereña Vicente. aMadrid, (España) :bConsejo Superior de Investigaciones Científicas, Instituto "Francisco de Vitoria",c1954. av. ;c25 cm. aLa biblioteca sólo posee el volumen 2.0 gv. 2.tTexto crítico. aPremio Menendez Pelayo, 1951. 4aGuerra 4aWar (international law)